000 00286nam a22001337a 4500
003 SGT
020 _a9788131534175
082 _a658.15
_bNAR
100 _aNARASIMHAN, M.S
245 _aMANAGEMENT ACCOUNTING
260 _bCENGAGE PUBLISHER
_c2017
300 _a300
942 _2ddc
_cBK
_05
999 _c16247
_d16247